Possible impacts of the Czech agricultural policy after the EU accession on the land market and land usage

Poľnohospodárska politika ČR po vstupe do EÚ je množinou opatrení EÚ a národných opatrení vo vzťahu k agrárnemu sektoru ČR. Článok vymedzuje možné scenáre vývoja poľnohospodárskej politiky ČR v období 2004-2014 a predstavuje očakávaný dopad týchto scenárov do podnikateľskej štruktúry poľnohospodárst...

Descrizione completa

Salvato in:
Dettagli Bibliografici
Autore principale: Doucha, Tomáš
Altri autori: Divila, Emil
Natura: Capitolo di libro
Lingua:inglese
Soggetti:
Tags: Aggiungi Tag
Nessun Tag, puoi essere il primo ad aggiungerne!!

MARC

LEADER 00000naa$a2200000$$$4500
001 0030065
005 20231113141310.3
041 0 |a eng 
044 |a CZ 
245 1 0 |a Possible impacts of the Czech agricultural policy after the EU accession on the land market and land usage  |c Tomáš Doucha, Emil Divila 
520 |a Poľnohospodárska politika ČR po vstupe do EÚ je množinou opatrení EÚ a národných opatrení vo vzťahu k agrárnemu sektoru ČR. Článok vymedzuje možné scenáre vývoja poľnohospodárskej politiky ČR v období 2004-2014 a predstavuje očakávaný dopad týchto scenárov do podnikateľskej štruktúry poľnohospodárstva ČR a do štruktúry využitia poľnohospodárskeho pôdneho fondu ČR. 
610 2 0 |a poľnohospodárstvo 
610 2 0 |a politika poľnohospodárska 
610 2 0 |a prognózy 
610 2 0 |a 2004-2014 
610 2 0 |a pôda poľnohospodárska 
610 2 0 |a trh 
610 2 0 |a podnik poľnohospodársky 
610 2 0 |a Česko 
610 2 0 |a Európska únia 
100 1 |a Doucha, Tomáš 
700 1 |a Divila, Emil